Guess the YA Novel by Character - Statistics

General Stats
  • This quiz has been taken 359 times
  • The average score is 7 of 15
Answer Stats
Hint Answer % Correct
Hedwig, Sirius Black, Cedric Diggory Harry Potter
99%
Edward Cullen, Bella Swan, Jacob Black Twilight
93%
Caesar Flickerman, Coriolanus Snow, Gale Hawthorne The Hunger Games
83%
Tris Prior, Tobias Eaton, Jeanine Matthews Divergent
71%
Nico di Angelo, Hestia, Clarisse la Rue Percy Jackson
66%
Hazel Grace, Augustus Waters, Peter Van Houten The Fault in Our Stars
60%
Ponyboy Curtis, Dallas Winston, Cherry Valance The Outsiders
42%
Jace Herondale, Magnus Bane, Alec Lightwood The Mortal Instruments
41%
Jonas, Gabriel, the Receiver of Memory The Giver
40%
Piggy, Jack, Ralph The Lord of the Flies
37%
Hannah Baker, Clay Jensen, Jeff Atkins Thirteen Reasons Why
37%
Linh Peony, Emperor Kai, Queen Levana Cinder
21%
Starr Carter, Uncle Carlos, Maverick Carter The Hate U Give
20%
Bram Greenfeld, Martin Addison, Nora Spier Simon vs. The Homosapien Agenda
13%
Lina, Doon, Poppy The City of Ember
6%
No matching quizzes found
Score Distribution
Percent of People with Each Score
Percentile by Number Answered
Your Score History
You have not taken this quiz